000 00465nam a2200133 4500
999 _c11276
_d11276
008 181112b ||||| |||| 00| 0 eng d
082 _aDPer 050 T48 Apr - June 2016, v. 187 n. 12-24
100 _932474
_aKlein, Joe
245 _aTrump's new teleprompter reveals the method in his populist madness/
_cJoe Klein.
260 _aHong Kong;
_bTime Asia,
_cc2016.
300 _av187 n12, page 21:
_billustrations;
_c27cm.
650 0 _932475
_aPolitics.
942 _2ddc
_cPER